000 00650nam a2200229Ia 4500
003 OSt
005 20221007081931.0
006 a|||||r|||| 00| 0
007 ta
008 221006b |||||||| |||| 00| 0 eng d
024 _a26,759
037 _cTextual
040 _aFLL
_cFLL
_beng
041 _2eng
_aeng
082 _aXM85:Z73y7, G6
100 _aOppenheim S. Chesterfield
_9126612
245 0 _aCases on trade regulation
260 _aSt. Paul ,
_bMinn. West Publishing Co. St. Minn.
_c1936
300 _alii,1-1518p
_ccm.
942 _hXM85:Z73y7, G6
_cTEXL
_2CC
999 _c1164757
_d1164757